Central Library OPAC University of Rajshahi

Techniques of primary and secondary repair of bilateral cleft lip using modified millard / (Record no. 81939)

MARC details
000 -LEADER
fixed length control field 00920nam a22002417a 4500
001 - CONTROL NUMBER
RUCL Control Number 81939
003 - CONTROL NUMBER IDENTIFIER
rucl marc code BD-RjUL
005 - DATE AND TIME OF LATEST TRANSACTION
control field 20240110110754.0
008 - FIXED-LENGTH DATA ELEMENTS--GENERAL INFORMATION
fixed length control field 230918s2020 bg a|||| m||| 00| 0 eng d
035 ## - SYSTEM CONTROL NUMBER
system control number (BD-RjUL)81939
040 ## - CATALOGING SOURCE
Original cataloging agency BD-RjUL
Language of cataloging eng
Transcribing agency BD-RjUL
Modifying agency BD-RjUL
041 ## - LANGUAGE CODE
Language code of Book eng
082 ## - DEWEY DECIMAL CLASSIFICATION NUMBER
DDC Edition number 23
Classification number 617.522
Author mark and Year KHT 2020
100 ## - MAIN ENTRY--PERSONAL NAME
Personal name Khan, Mahabubur Rahman
9 (RLIN) 9044
245 10 - TITLE STATEMENT
Title Techniques of primary and secondary repair of bilateral cleft lip using modified millard /
Statement of responsibility, etc By Mahabubur Rahman Khan ;
Name of Supervisor/Co-Supervisor Supervisor : Tanzima Yeasmin.
260 ## - PUBLICATION, DISTRIBUTION, ETC. (IMPRINT)
Place of publication, distribution, etc Rajshahi :
Name of publisher, distributor, etc Institute of Biological Sciences, University of Rajshahi,
Date of publication, distribution, etc 2020
300 ## - PHYSICAL DESCRIPTION
Pagination xii, 98 leaves
Other physical details ill, ;
Dimensions 29.cm.
502 ## - DISSERTATION NOTE
Dissertation note Thesis (Ph. D.) -- Institute of Biological Sciences, University of Rajshahi, 2020
504 ## - BIBLIOGRAPHY, ETC. NOTE
Bibliography, etc References : Leaves 83 -98
650 ## - SUBJECT ADDED ENTRY--TOPICAL TERM
Source of heading or term Including lips
Topical term or geographic name as entry element Surgery
700 ## - ADDED ENTRY--SUPERVISOR/CO-SUPERVISOR NAME
Personal name Yeasmin, Tanzima, Supervisor
9 (RLIN) 7096
942 ## - ADDED ENTRY ELEMENTS (KOHA)
Source of classification or shelving scheme Dewey Decimal Classification
Koha item type Theses
Holdings
Source of classification or shelving scheme Damaged status Not for loan Collection code Permanent Location Current Location Shelving location Date of accession Source of acquisition Total Checkouts Full call number Barcode Date last seen Copy number Thesis
Dewey Decimal Classification   Not For Loan Theses Central Library, University of Rajshahi Central Library, University of Rajshahi Documentation Section 02/03/2023 Controller of Exam. R. U.   THE 617.522 KHT 2020 D4722 18/09/2023 C-1 Theses